00749 2200181 4500001002100000005001500021035002000036245006600056100002400122250001700146300002800163260003100191082001100222084001700233020002200250650001700272520027800289INLIS00000000000003620240319092406 a0010-03240000361 aKisah 25 Nabi dan Rasul :bNabi Shalih /cRirin Astutiningrum0 aRirin Astutiningrum acetakan ke-1 a36 hlm :bilus ;c19 cm aSolo :bTiga Ananda,c2019 a2X3.46 a2X3.46 RIR k a978-623-206-344-0 4aReligi Islam aNabi Shalih a.s. mempunyai mukjizat yang ditunjukkan kepada kaum Tsamud yang suka menyembah berhala. Mukjizat itu sebagai bukti bahwa Nabi Shalih a.s. merupakan utusan Allah SWT. Apa mukjizat yang ditunjukkan Nabi Shalih a.s. kepada kaumnya? Apakah kaumnya mau beriman?”